[Event "XXXIV Memorial Edoardo Crespi Magistrale"]
[Site "Milano ITA"]
[Date "2013.11.30"]
[Round "1"]
[White "Aleksic, Nenad"]
[Black "Ricci, Marco"]
[WhiteElo "2351"]
[BlackElo "2068"]
[Result "1-0"]
[PlyCount "67"]
[EventDate "2013.11.30"]

1. e4 e6 2. d4 d5 3. Nc3 Nf6 4. e5 Nfd7 5. Nf3 c5 6. dxc5 Nc6 7. Bf4 Bxc5 8.
Bd3 f6 9. exf6 Nxf6 10. O-O O-O 11. Ne5 Bd6 12. Qe2 Nxe5 13. Bxe5 Bxe5 14. Qxe5
Bd7 15. Rae1 Qb8 16. Qd4 Qd6 17. Re2 Nh5 18. g3 g6 19. Rfe1 Ng7 20. Re5 Bc6 21.
Ne4 Qe7 22. Ng5 Qf6 23. f4 h6 24. Nh3 Rad8 25. Nf2 Nf5 26. Qxa7 Ra8 27. Qb6
Rxa2 28. Ng4 Qg7 29. Rxe6 Rxb2 30. Qf2 h5 31. Ne3 d4 32. Nxf5 gxf5 33. Re7 Rf7
34. Bc4 1-0

[Event "XXXIV Memorial Edoardo Crespi Magistrale"]
[Site "Milano ITA"]
[Date "2013.11.30"]
[Round "1"]
[White "Andreoni, Giuseppe"]
[Black "Martinez, Rolly"]
[WhiteElo "2082"]
[BlackElo "2422"]
[Result "1/2-1/2"]
[PlyCount "104"]
[EventDate "2013.11.30"]

1. e4 c5 2. Nf3 Nc6 3. d4 cxd4 4. Nxd4 Nf6 5. Nc3 d6 6. Bg5 e6 7. Qd2 a6 8.
O-O-O Bd7 9. f4 b5 10. Nxc6 Bxc6 11. Qe1 Be7 12. Bxf6 gxf6 13. f5 Qb6 14. fxe6
fxe6 15. Bd3 Qc5 16. Kb1 Qe5 17. Qf2 O-O 18. Rhe1 Rf7 19. g3 Bb7 20. Ne2 Bf8
21. Nf4 Rc8 22. Qe2 Rg7 23. Qh5 Rg5 24. Qh3 Re8 25. Qf1 Bg7 26. c3 b4 27. cxb4
f5 28. Rd2 fxe4 29. Bxa6 Ba8 30. Be2 d5 31. Bb5 Rd8 32. Qh3 Rf5 33. Red1 Bb7
34. a4 Bc8 35. Be2 d4 36. Bg4 d3 37. Bxf5 exf5 38. Qf1 Qd4 39. Nxd3 e3 40. Rc2
Qe4 41. Nc1 Rd2 42. Rdxd2 exd2 43. Nd3 Be6 44. Rxd2 Qc4 45. Qf4 Qa2+ 46. Kc1
Qa1+ 47. Kc2 Qxa4+ 48. Kb1 Qa2+ 49. Kc1 Qa1+ 50. Kc2 Qa4+ 51. Kb1 Qa2+ 52. Kc1
Qa1+ 1/2-1/2

[Event "XXXIV Memorial Edoardo Crespi Magistrale"]
[Site "Milano ITA"]
[Date "2013.11.30"]
[Round "1"]
[White "Arnaudov, G. Petar"]
[Black "Astengo, Corrado"]
[WhiteElo "2448"]
[BlackElo "2083"]
[Result "1-0"]
[PlyCount "89"]
[EventDate "2013.11.30"]

1. Nf3 d5 2. c4 e6 3. g3 Nf6 4. Bg2 Be7 5. O-O O-O 6. d4 dxc4 7. Qc2 a6 8. a4
Nbd7 9. Nbd2 c5 10. Nxc4 cxd4 11. Rd1 Qc7 12. Bf4 Qc5 13. Nxd4 Nb6 14. Nxb6
Qxb6 15. Be3 Qa5 16. h3 e5 17. Nb3 Qb4 18. Nc5 Bf5 19. Qxf5 Bxc5 20. Bg5 Qb6
21. Bxf6 Qxf6 22. Qxf6 gxf6 23. Bxb7 Rab8 24. Rd7 a5 25. b3 Rfd8 26. Rad1 Bd4
27. Rxd8+ Rxd8 28. Rc1 Rd6 29. Be4 Rb6 30. Rc8+ Kg7 31. Bd5 f5 32. e3 Rd6 33.
exd4 Rxd5 34. dxe5 Rxe5 35. Rb8 Re1+ 36. Kg2 Rb1 37. Rb6 Rb2 38. h4 f6 39. Kf3
Kg6 40. Rb5 h6 41. Ke3 h5 42. f3 Rb1 43. Kf4 Rb2 44. Rxf5 Rxb3 45. Rxa5 1-0

[Event "XXXIV Memorial Edoardo Crespi Magistrale"]
[Site "Milano ITA"]
[Date "2013.11.30"]
[Round "1"]
[White "Bonazzi, Edoardo"]
[Black "Naumkin, Igor"]
[WhiteElo "2099"]
[BlackElo "2460"]
[Result "0-1"]
[PlyCount "50"]
[EventDate "2013.11.30"]

1. c4 Nf6 2. g3 e6 3. Nf3 d5 4. Bg2 d4 5. O-O c5 6. e3 Nc6 7. exd4 cxd4 8. Re1
d3 9. a3 Nd4 10. Nxd4 Qxd4 11. Nc3 Bc5 12. Rf1 Qxc4 13. b3 Qa6 14. Bb2 O-O 15.
Ne4 Nxe4 16. Bxe4 f5 17. Qh5 Qd6 18. Bg2 e5 19. Rfc1 Be6 20. b4 Bb6 21. Qd1 e4
22. Qe1 Bd5 23. Kh1 f4 24. a4 fxg3 25. fxg3 e3 0-1

[Event "XXXIV Memorial Edoardo Crespi Magistrale"]
[Site "Milano ITA"]
[Date "2013.11.30"]
[Round "1"]
[White "D'Alfonso, Nicola"]
[Black "Tonndorf, Matthias"]
[WhiteElo "2032"]
[BlackElo "2219"]
[Result "0-1"]
[PlyCount "134"]
[EventDate "2013.11.30"]

1. d4 Nf6 2. c4 e6 3. Nc3 Bb4 4. g3 c5 5. Nf3 Ne4 6. Bd2 Nxd2 7. Qxd2 cxd4 8.
Nxd4 O-O 9. Bg2 Nc6 10. Ndb5 Ne5 11. b3 Qa5 12. a3 a6 13. O-O axb5 14. axb4
Qxa1 15. Rxa1 Rxa1+ 16. Bf1 bxc4 17. f4 Ng6 18. bxc4 d5 19. Qb2 Ra8 20. cxd5
exd5 21. Nxd5 Be6 22. Nc7 Rac8 23. Nxe6 fxe6 24. Bh3 Kf7 25. f5 exf5 26. Bxf5
Rce8 27. Qb3+ Kf6 28. Qc2 Ne5 29. Bh3 g6 30. Qc7 Re7 31. Qd6+ Kf7 32. Bg2 Rfe8
33. Bxb7 Rd7 34. Bd5+ Kg7 35. Qc5 h5 36. h3 Rde7 37. b5 Nd7 38. Qd4+ Nf6 39.
Bf3 g5 40. g4 hxg4 41. hxg4 Rd7 42. Qc5 Rd1+ 43. Kf2 Kh6 44. b6 Rd7 45. b7 Rf7
46. Ke1 Ref8 47. Kd2 Rd8+ 48. Kc3 Re8 49. Kb4 Ref8 50. Ka5 Re8 51. Ka6 Nd7 52.
Qd6+ Kg7 53. Qc7 Kf6 54. Ka7 Ne5 55. Qb6+ Kg7 56. Be4 Rf1 57. b8=Q Ra1+ 58. Kb7
Rxb8+ 59. Kxb8 Nd7+ 60. Kc7 Nxb6 61. Kxb6 Ra2 62. Bd3 Kf6 63. Kc5 Ke5 64. Kc4
Ra4+ 65. Kc3 Rxg4 66. Kd2 Rg2 67. Ke1 Kd4 0-1

[Event "XXXIV Memorial Edoardo Crespi Magistrale"]
[Site "Milano ITA"]
[Date "2013.11.30"]
[Round "1"]
[White "Di Chiara, Mauro"]
[Black "Quaranta, Cristiano"]
[WhiteElo "2007"]
[BlackElo "2169"]
[Result "0-1"]
[PlyCount "70"]
[EventDate "2013.11.30"]

1. d4 Nf6 2. Nf3 c5 3. c4 cxd4 4. Nxd4 e5 5. Nf3 Nc6 6. Nc3 Bb4 7. Bg5 h6 8.
Bxf6 Bxc3+ 9. bxc3 Qxf6 10. e3 d6 11. Be2 O-O 12. Rb1 b6 13. O-O Rd8 14. Qa4
Na5 15. Rfd1 Ba6 16. Rd5 Rac8 17. Rbd1 Bxc4 18. Bxc4 Rxc4 19. Qa3 Rc5 20. h3
Rxd5 21. Rxd5 Qe6 22. e4 f5 23. Qb4 Nc6 24. Qa4 fxe4 25. Qxe4 Ne7 26. Rd2 Rc8
27. Qb7 Rxc3 28. Qxa7 Rc1+ 29. Kh2 Qf7 30. Qa8+ Rc8 31. Qe4 Rc4 32. Nxe5 Rxe4
33. Nxf7 Kxf7 34. Rxd6 Rb4 35. a4 Nf5 0-1

[Event "XXXIV Memorial Edoardo Crespi Magistrale"]
[Site "Milano ITA"]
[Date "2013.11.30"]
[Round "1"]
[White "Formento, Paolo"]
[Black "Bemporad, Filippo"]
[WhiteElo "2175"]
[BlackElo "2026"]
[Result "0-1"]
[PlyCount "106"]
[EventDate "2013.11.30"]

1. Nf3 Nf6 2. c4 c5 3. g3 Nc6 4. d4 cxd4 5. Nxd4 g6 6. Bg2 Bg7 7. Nc3 O-O 8.
O-O Ng4 9. Nc2 Nge5 10. c5 Qa5 11. f4 Ng4 12. e4 Qxc5+ 13. Kh1 d6 14. Nd5 a5
15. Qe2 a4 16. h3 Nf6 17. Be3 Qa5 18. Bb6 Qa6 19. Nxf6+ Bxf6 20. Qf2 Be6 21.
Na3 Rac8 22. f5 Bd7 23. Rfc1 Ne5 24. Bf1 Qa8 25. g4 Bc6 26. Qe3 Nd7 27. Bd4 b5
28. Bg2 Qb7 29. Re1 Bxd4 30. Qxd4 Qb6 31. Qd2 Qb7 32. Nc2 Nc5 33. Qe3 Bxe4 34.
Bxe4 Qxe4+ 35. Qxe4 Nxe4 36. Nb4 Rc4 37. Nd5 Re8 38. b3 Rd4 39. Nc7 Rb8 40.
fxg6 hxg6 41. Kg2 e6 42. Rac1 Rd2+ 43. Kf3 d5 44. Kf4 Rxa2 45. b4 Rb2 46. Na6
Ra8 47. Nc7 Rc8 48. Nxb5 Rxc1 49. Rxc1 Rxb4 50. Na7 a3 51. Nc6 Ra4 52. Ke3 a2
53. Ra1 Nc5 0-1

[Event "XXXIV Memorial Edoardo Crespi Magistrale"]
[Site "Milano ITA"]
[Date "2013.11.30"]
[Round "1"]
[White "Gagliardi, Christian"]
[Black "Calella, Sergio"]
[WhiteElo "2216"]
[BlackElo "2029"]
[Result "1-0"]
[PlyCount "73"]
[EventDate "2013.11.30"]

1. d4 Nf6 2. Nf3 c5 3. e3 cxd4 4. exd4 g6 5. Be2 Bg7 6. O-O d5 7. h3 O-O 8. c3
Nbd7 9. Bf4 Ne4 10. Nbd2 Ndf6 11. Re1 Qb6 12. Qb3 Qxb3 13. axb3 Bd7 14. Ne5 Bc6
15. Nxc6 bxc6 16. Nxe4 dxe4 17. b4 Nd5 18. Bh2 e3 19. Ba6 exf2+ 20. Kxf2 e6 21.
Bb7 Rad8 22. Bxc6 Ne7 23. Bf3 Rd7 24. Ra6 Rfd8 25. Be5 Nd5 26. Bxg7 Kxg7 27.
Rea1 e5 28. dxe5 Nf4 29. Rd6 Rxd6 30. exd6 Rxd6 31. Rxa7 Nd3+ 32. Ke3 Nxb2 33.
Be2 h5 34. Ra2 Nd1+ 35. Bxd1 Rxd1 36. Rb2 Kf6 37. b5 1-0

[Event "XXXIV Memorial Edoardo Crespi Magistrale"]
[Site "Milano ITA"]
[Date "2013.11.30"]
[Round "1"]
[White "Mrdja, Milan"]
[Black "Brociner, Beniamino"]
[WhiteElo "2388"]
[BlackElo "2072"]
[Result "1/2-1/2"]
[PlyCount "152"]
[EventDate "2013.11.30"]

1. e4 c5 2. Nf3 g6 3. d4 cxd4 4. Qxd4 Nf6 5. Qa4 Bg7 6. Nc3 O-O 7. e5 Ne8 8.
Bf4 Nc6 9. O-O-O Nc7 10. h4 Ne6 11. Bg3 h5 12. Bc4 Nc5 13. Qa3 Qa5 14. Qxa5
Nxa5 15. Bd5 Nc6 16. a3 Ne6 17. Rhe1 b6 18. Ba2 Rd8 19. Ne4 Bb7 20. Neg5 Kf8
21. Re2 Ke8 22. Kb1 Rac8 23. Bd5 Na5 24. Ba2 Nc4 25. Ne4 Ba6 26. Ree1 b5 27.
Nfg5 Nxe5 28. Bxe5 Bxe5 29. Nxf7 Kxf7 30. Ng5+ Kf6 31. Rxe5 Kxe5 32. Bxe6 Kf6
33. Bxd7 Rc7 34. Bg4 Rxd1+ 35. Bxd1 Bb7 36. g3 Rd7 37. Kc1 Bd5 38. b3 a5 39.
Be2 b4 40. axb4 axb4 41. Bd3 Bc6 42. f4 Rd6 43. Kd2 Rd8 44. Ke3 e6 45. Nh7+ Kg7
46. Ng5 Rd6 47. Nh3 Kf6 48. Nf2 e5 49. fxe5+ Kxe5 50. Bc4 Rf6 51. Be2 Re6 52.
Nd3+ Kd6+ 53. Kd2 Bb5 54. Nf4 Re5 55. Bf3 Be8 56. Nd3 Rb5 57. Be4 g5 58. Ke3
gxh4 59. gxh4 Bf7 60. Kd4 Rb8 61. Ne5 Be6 62. Bf3 Rf8 63. Be4 Rf4 64. Nd3 Rxh4
65. Ke3 Bd5 66. Bf5 Be6 67. Be4 Bd5 68. Bf5 Be6 69. Be4 Bd5 70. Bf5 Ke7 71. Nf4
Bf7 72. Be4 Rh2 73. Bg2 Rh4 74. Be4 Rh2 75. Bg2 Rh4 76. Be4 Rh2 1/2-1/2

[Event "XXXIV Memorial Edoardo Crespi Magistrale"]
[Site "Milano ITA"]
[Date "2013.11.30"]
[Round "1"]
[White "Nicolo', Filippo"]
[Black "De Verdier, Michael"]
[WhiteElo "2071"]
[BlackElo "2371"]
[Result "1/2-1/2"]
[PlyCount "80"]
[EventDate "2013.11.30"]

1. e4 c5 2. Nc3 e6 3. Nf3 a6 4. a4 Nc6 5. g3 d6 6. Bg2 Nf6 7. O-O Be7 8. d4
cxd4 9. Nxd4 Qc7 10. Be3 O-O 11. f4 Na5 12. Qd3 Rd8 13. Rad1 Bd7 14. h3 Rac8
15. g4 Nc4 16. Bc1 Qb6 17. g5 Ne8 18. b3 Ne5 19. Qe3 Nc6 20. Nce2 d5 21. exd5
exd5 22. Nxc6 Qxe3+ 23. Bxe3 bxc6 24. Bb6 Nc7 25. Nd4 Re8 26. Rde1 Bd6 27. f5
Rxe1 28. Rxe1 Bb4 29. Rf1 Na8 30. Ba7 Re8 31. f6 Re5 32. Nf3 Re2 33. Rf2 Re8
34. Bd4 gxf6 35. Bxf6 Bc5 36. Bd4 Bxd4 37. Nxd4 Re5 38. Nf3 Re3 39. Kf1 Nc7 40.
Re2 Rxe2 1/2-1/2

[Event "XXXIV Memorial Edoardo Crespi Magistrale"]
[Site "Milano ITA"]
[Date "2013.11.30"]
[Round "1"]
[White "Rettore, Ludwig"]
[Black "Lavorgna, Giovanni"]
[WhiteElo "2139"]
[BlackElo "1995"]
[Result "1/2-1/2"]
[PlyCount "26"]
[EventDate "2013.11.30"]

1. Nf3 Nf6 2. d4 g6 3. Nbd2 Bg7 4. e4 O-O 5. Bd3 d6 6. O-O c5 7. c3 Nc6 8. d5
Ne5 9. Nxe5 dxe5 10. Nf3 Nh5 11. Be3 Qc7 12. Bc4 Nf4 13. Qb3 Bg4 1/2-1/2

[Event "XXXIV Memorial Edoardo Crespi Magistrale"]
[Site "Milano ITA"]
[Date "2013.11.30"]
[Round "1"]
[White "Roeder, Matthias"]
[Black "Battistella, Stefano"]
[WhiteElo "2419"]
[BlackElo "2080"]
[Result "1-0"]
[PlyCount "71"]
[EventDate "2013.11.30"]

1. Nf3 d5 2. c4 c6 3. e3 Nf6 4. Nc3 g6 5. d4 Bg7 6. Be2 O-O 7. O-O a6 8. b3 b5
9. Bb2 Qb6 10. c5 Qc7 11. b4 Bg4 12. a4 Nbd7 13. Qb3 Bxf3 14. Bxf3 e5 15. Ra2
exd4 16. exd4 Qf4 17. Ne2 Qf5 18. Qe3 g5 19. Ng3 Qg6 20. Be2 Rae8 21. Qd3 h5
22. axb5 axb5 23. Qxg6 fxg6 24. Bd3 Kh7 25. Ra7 h4 26. Ne2 Kh6 27. Rfa1 Nb8 28.
Rb7 Nfd7 29. h3 Rf7 30. Bc3 Rfe7 31. Kf1 Nf6 32. Rxe7 Rxe7 33. Ra8 Nbd7 34. Rc8
Re6 35. Rc7 Nh5 36. Rxd7 1-0

[Event "XXXIV Memorial Edoardo Crespi Magistrale"]
[Site "Milano ITA"]
[Date "2013.11.30"]
[Round "1"]
[White "Sanchez, Joseph"]
[Black "Pelizzola, Danilo"]
[WhiteElo "2529"]
[BlackElo "2117"]
[Result "1/2-1/2"]
[PlyCount "30"]
[EventDate "2013.11.30"]

1. d4 Nf6 2. c4 e6 3. Nc3 Bb4 4. e3 O-O 5. Nge2 d5 6. a3 Be7 7. Ng3 b6 8. cxd5
Nxd5 9. Bd3 c5 10. O-O Bb7 11. Nxd5 Qxd5 12. Be4 Qd7 13. Bxb7 Qxb7 14. dxc5
Bxc5 15. Qf3 Qxf3 1/2-1/2

[Event "XXXIV Memorial Edoardo Crespi Magistrale"]
[Site "Milano ITA"]
[Date "2013.11.30"]
[Round "1"]
[White "Vezzosi, Paolo"]
[Black "Gori, Andrea"]
[WhiteElo "2263"]
[BlackElo "2065"]
[Result "1-0"]
[PlyCount "83"]
[EventDate "2013.11.30"]

1. d4 Nf6 2. Nf3 d5 3. c4 c6 4. Qb3 e6 5. Bg5 Nbd7 6. e3 Qa5+ 7. Nc3 Ne4 8.
cxd5 Nxg5 9. Nxg5 exd5 10. Bd3 h6 11. Nf3 Bd6 12. O-O O-O 13. Rae1 Bb8 14. e4
dxe4 15. Nxe4 Qc7 16. Bc2 Rd8 17. Re3 Nf8 18. Rfe1 Be6 19. Qd3 b6 20. Nc3 Qd7
21. Qe4 Bc7 22. Ne5 Bxe5 23. dxe5 Rac8 24. f4 Bd5 25. Nxd5 Qxd5 26. f5 Qxe4 27.
Rxe4 Rd2 28. Bb3 Rc7 29. e6 fxe6 30. fxe6 Re7 31. Rf1 g6 32. Ref4 Rd8 33. Rf7
Rde8 34. R1f6 b5 35. h4 a5 36. a3 a4 37. Ba2 c5 38. Bd5 b4 39. Bc4 h5 40. Kh2
Nh7 41. Rxg6+ Kh8 42. Rgg7 1-0

[Event "XXXIV Memorial Edoardo Crespi Magistrale"]
[Site "Milano ITA"]
[Date "2013.12.01"]
[Round "2"]
[White "Astengo, Corrado"]
[Black "D'Alfonso, Nicola"]
[WhiteElo "2083"]
[BlackElo "2032"]
[Result "1/2-1/2"]
[PlyCount "42"]
[EventDate "2013.11.30"]

1. e4 c5 2. Nf3 d6 3. d4 cxd4 4. Nxd4 Nf6 5. Nc3 e6 6. g4 h6 7. Rg1 Nc6 8. h4
d5 9. Bb5 Bd7 10. exd5 Nxd5 11. Nxd5 exd5 12. Be3 Qxh4 13. Qf3 a6 14. Ba4 Qf6
15. Qxf6 gxf6 16. O-O-O O-O-O 17. Ne2 Be6 18. Bb6 Rd6 19. Bc5 Rd7 20. Bb6 Rd6
21. Bc5 Rd7 1/2-1/2

[Event "XXXIV Memorial Edoardo Crespi Magistrale"]
[Site "Milano ITA"]
[Date "2013.12.01"]
[Round "2"]
[White "Battistella, Stefano"]
[Black "Di Chiara, Mauro"]
[WhiteElo "2080"]
[BlackElo "2007"]
[Result "0-1"]
[PlyCount "110"]
[EventDate "2013.11.30"]

1. Nf3 g6 2. d4 Bg7 3. g3 d6 4. Bg2 Nc6 5. d5 Nb8 6. O-O c6 7. c4 Nf6 8. Nc3
cxd5 9. cxd5 O-O 10. h3 Na6 11. e4 Nc5 12. Re1 Rb8 13. Nd4 a5 14. a3 Bd7 15. b4
axb4 16. axb4 Na6 17. Rb1 Qc8 18. Na4 b5 19. Nb2 Nxb4 20. Nd3 Nxd3 21. Qxd3 Qc4
22. Rd1 Qxd3 23. Rxd3 Rfc8 24. Nc6 Bxc6 25. dxc6 Ne8 26. e5 Bxe5 27. Ra3 Nc7
28. Ra7 d5 29. Ba3 e6 30. Bc5 Ra8 31. Rb7 Na6 32. R1xb5 Rxc6 33. Be3 Rac8 34.
Ra5 Nc5 35. Rbb5 Nd3 36. Bf1 Nb2 37. Ra7 Nc4 38. Bh6 Nd6 39. Rb3 Nf5 40. Bd2
Nd4 41. Rd3 Rc2 42. Kg2 Nf5 43. Be2 Bc3 44. Bxc3 R8xc3 45. Rxc3 Rxc3 46. Bb5
Rc8 47. Rd7 Kg7 48. Bd3 Rc6 49. Bxf5 gxf5 50. g4 fxg4 51. hxg4 Rc4 52. Kg3 h6
53. f3 Kf6 54. Kh4 d4 55. Rd8 Ke7 0-1

[Event "XXXIV Memorial Edoardo Crespi Magistrale"]
[Site "Milano ITA"]
[Date "2013.12.01"]
[Round "2"]
[White "Bejtovic, Jasmin"]
[Black "Gagliardi, Christian"]
[WhiteElo "2394"]
[BlackElo "2216"]
[Result "1-0"]
[PlyCount "75"]
[EventDate "2013.11.30"]

1. e4 c5 2. d3 Nc6 3. g3 e6 4. Bg2 Nf6 5. f4 d5 6. e5 Nd7 7. Nf3 Be7 8. O-O O-O
9. c4 Nb6 10. Nbd2 a5 11. Qe2 f5 12. Rd1 d4 13. Nf1 Bd7 14. h3 Na4 15. g4 g6
16. Ng3 Rb8 17. gxf5 gxf5 18. Ng5 h6 19. N5e4 fxe4 20. Qg4+ Kh8 21. Qg6 Rf7 22.
Qxf7 e3 23. Qg6 Qg8 24. Qxh6+ Qh7 25. Qxh7+ Kxh7 26. Ne2 Bh4 27. Kf1 Rf8 28.
Be4+ Kh8 29. b3 Nc3 30. Nxc3 Rxf4+ 31. Kg2 Rf2+ 32. Kh1 Nxe5 33. Bxe3 dxe3 34.
Re1 Nf3 35. Re2 Bf6 36. Rxf2 exf2 37. Bxf3 Bxc3 38. Rf1 1-0

[Event "XXXIV Memorial Edoardo Crespi Magistrale"]
[Site "Milano ITA"]
[Date "2013.12.01"]
[Round "2"]
[White "Bemporad, Filippo"]
[Black "Aleksic, Nenad"]
[WhiteElo "2026"]
[BlackElo "2351"]
[Result "1/2-1/2"]
[PlyCount "81"]
[EventDate "2013.11.30"]

1. d4 Nf6 2. Nf3 b6 3. g3 Bb7 4. Bg2 g6 5. O-O Bg7 6. c4 O-O 7. Nc3 Ne4 8. Qd3
Nxc3 9. Qxc3 c5 10. Be3 d6 11. Qd2 Be4 12. Bh6 Nd7 13. Rfd1 Nf6 14. Bxg7 Kxg7
15. Ne1 Bxg2 16. Nxg2 Rc8 17. Rac1 Qd7 18. b3 cxd4 19. Qxd4 Rc5 20. b4 Rc7 21.
Ne3 Kg8 22. a3 Rfc8 23. Rc3 Qe6 24. Rdc1 Qe4 25. Qd2 Qe5 26. Qd3 d5 27. f4 Qd6
28. cxd5 Rxc3 29. Rxc3 Rxc3 30. Qxc3 Nxd5 31. Nxd5 Qxd5 32. Qe3 e6 33. h3 h5
34. h4 Qb5 35. Kf2 Qc6 36. Qf3 Qd7 37. Qe3 Kh7 38. Qf3 a5 39. Qc3 axb4 40. Qxb4
b5 41. Qc3 1/2-1/2

[Event "XXXIV Memorial Edoardo Crespi Magistrale"]
[Site "Milano ITA"]
[Date "2013.12.01"]
[Round "2"]
[White "Calella, Sergio"]
[Black "Motola, Jacopo"]
[WhiteElo "2029"]
[BlackElo "2073"]
[Result "0-1"]
[PlyCount "82"]
[EventDate "2013.11.30"]

1. e4 c5 2. Nf3 Nc6 3. d4 cxd4 4. Nxd4 Nf6 5. Nc3 e5 6. Ndb5 d6 7. Bg5 a6 8.
Na3 b5 9. Bxf6 gxf6 10. Nd5 f5 11. Bd3 Be6 12. O-O Bg7 13. c4 bxc4 14. Nxc4 O-O
15. Rc1 Nd4 16. Nce3 fxe4 17. Bxe4 f5 18. Bb1 Rc8 19. Rxc8 Bxc8 20. Qh5 Be6 21.
g4 e4 22. Nxf5 Bxf5 23. gxf5 Rxf5 24. Qh3 Rxd5 25. Bxe4 Rg5+ 26. Kh1 h6 27. f4
Rc5 28. b4 Rc7 29. Qh5 Nb5 30. Qg6 Nc3 31. Bc2 Re7 32. Rg1 Qa8+ 33. Qg2 Qxg2+
34. Rxg2 Re1+ 35. Rg1 Rxg1+ 36. Kxg1 Ne2+ 37. Kf2 Nxf4 38. Kf3 Be5 39. Bf5 Kf8
40. h4 Nd5 41. a3 Bb2 0-1

[Event "XXXIV Memorial Edoardo Crespi Magistrale"]
[Site "Milano ITA"]
[Date "2013.12.01"]
[Round "2"]
[White "De Verdier, Michael"]
[Black "Loehnhardt, Benjamin"]
[WhiteElo "2371"]
[BlackElo "2029"]
[Result "1-0"]
[PlyCount "83"]
[EventDate "2013.11.30"]

1. c4 Nf6 2. Nc3 e5 3. Nf3 Nc6 4. g3 d6 5. Bg2 g6 6. O-O Bg7 7. d3 O-O 8. Rb1
a5 9. a3 h6 10. b4 axb4 11. axb4 Ne7 12. b5 Be6 13. Bb2 Qd7 14. Re1 c6 15. bxc6
bxc6 16. c5 Rad8 17. cxd6 Qxd6 18. Qc1 Ra8 19. Nd2 Bd5 20. Nxd5 cxd5 21. Ra1
Rfc8 22. Rxa8 Rxa8 23. Nc4 Qb4 24. Ba3 Qb7 25. Nxe5 Nf5 26. Nf3 Ng4 27. Bc5 Rc8
28. Qa3 Qb5 29. d4 Re8 30. h3 Nf6 31. g4 Ng3 32. fxg3 Ne4 33. Qb4 Qc6 34. Nd2
Nxg3 35. Kf2 Re6 36. Qb8+ Kh7 37. Qxg3 Bf6 38. Nf3 Bd8 39. Kg1 Ba5 40. Rf1 Bc7
41. Qf2 Bf4 42. Ne5 1-0

[Event "XXXIV Memorial Edoardo Crespi Magistrale"]
[Site "Milano ITA"]
[Date "2013.12.01"]
[Round "2"]
[White "Gori, Andrea"]
[Black "Bonazzi, Edoardo"]
[WhiteElo "2065"]
[BlackElo "2099"]
[Result "1/2-1/2"]
[PlyCount "62"]
[EventDate "2013.11.30"]

1. e4 c5 2. f4 e6 3. Nf3 Nc6 4. Bb5 Nge7 5. Nc3 a6 6. Bxc6 Nxc6 7. d3 Be7 8.
O-O O-O 9. Kh1 b6 10. Ne2 Bb7 11. c3 Rc8 12. Ng3 d6 13. f5 Ne5 14. Bf4 Nxf3 15.
Qxf3 e5 16. Bh6 Bf6 17. Be3 d5 18. Rad1 d4 19. cxd4 cxd4 20. Bc1 Bg5 21. Qg4
Bxc1 22. Rxc1 f6 23. Qe2 Rf7 24. Qd2 a5 25. Rxc8 Qxc8 26. Rc1 Rc7 27. Rxc7 Qxc7
28. Kg1 Kf7 29. Nh1 Ba6 30. Nf2 Qc5 31. Kf1 Ke7 1/2-1/2

[Event "XXXIV Memorial Edoardo Crespi Magistrale"]
[Site "Milano ITA"]
[Date "2013.12.01"]
[Round "2"]
[White "Lavorgna, Giovanni"]
[Black "Mrdja, Milan"]
[WhiteElo "1995"]
[BlackElo "2388"]
[Result "0-1"]
[PlyCount "80"]
[EventDate "2013.11.30"]

1. e4 Nf6 2. e5 Nd5 3. d4 d6 4. c4 Nb6 5. exd6 cxd6 6. Bd3 g6 7. Ne2 Bg7 8. O-O
O-O 9. Nbc3 Nc6 10. Be3 Nb4 11. b3 Nxd3 12. Qxd3 e6 13. Rad1 Bd7 14. Rfe1 d5
15. c5 Nc8 16. Qd2 Re8 17. Bg5 Ne7 18. Ng3 Bc6 19. Qf4 Qa5 20. Rd3 Nf5 21. Nxf5
exf5 22. Rxe8+ Rxe8 23. h4 Qb4 24. Bh6 Bh8 25. a3 Qxa3 26. Re3 Ra8 27. Ne2 Qa5
28. Kh2 Qd8 29. Ng3 Bd7 30. Nh5 Qb8 31. Re5 Bc6 32. Qg5 Qd8 33. Qf4 f6 34. Re6
gxh5 35. Qe3 Kf7 36. Rd6 Qe7 37. Qf3 Rg8 38. Qxf5 Rg6 39. Qxh5 Qe4 40. Be3
Qxg2# 0-1

[Event "XXXIV Memorial Edoardo Crespi Magistrale"]
[Site "Milano ITA"]
[Date "2013.12.01"]
[Round "2"]
[White "Martinez, Rolly"]
[Black "Nicolo', Filippo"]
[WhiteElo "2422"]
[BlackElo "2071"]
[Result "1-0"]
[PlyCount "93"]
[EventDate "2013.11.30"]

1. e4 e5 2. Nf3 Nc6 3. Bb5 a6 4. Bxc6 dxc6 5. O-O Bg4 6. h3 Bh5 7. g4 Bg6 8.
Nxe5 Qh4 9. Qf3 f6 10. Nxg6 hxg6 11. Kg2 g5 12. d4 Ne7 13. Rh1 O-O-O 14. Be3
Qh7 15. Nd2 Ng6 16. Kf1 Bd6 17. Qf5+ Kb8 18. Nf3 Bf4 19. Bxf4 Nxf4 20. Re1 Qxf5
21. exf5 Rxh3 22. Rxh3 Nxh3 23. Re7 Rg8 24. Ng1 Nf4 25. Ne2 Nd5 26. Rf7 Kc8 27.
Ng3 Nb4 28. c3 Nd3 29. b4 Nf4 30. Ke1 Kd8 31. Kd2 b6 32. a4 a5 33. bxa5 bxa5
34. c4 Nh3 35. f3 Ng1 36. Ke3 Re8+ 37. Ne4 Re7 38. Rf8+ Re8 39. Rxe8+ Kxe8 40.
Nc5 Nh3 41. Nb7 Nf4 42. Nxa5 Kd7 43. Nb3 g6 44. Nc5+ Kc8 45. fxg6 Nxg6 46. Ne4
c5 47. Nxc5 1-0

[Event "XXXIV Memorial Edoardo Crespi Magistrale"]
[Site "Milano ITA"]
[Date "2013.12.01"]
[Round "2"]
[White "Naumkin, Igor"]
[Black "Vezzosi, Paolo"]
[WhiteElo "2460"]
[BlackElo "2263"]
[Result "1-0"]
[PlyCount "61"]
[EventDate "2013.11.30"]

1. d4 d5 2. c4 c6 3. Nf3 Nf6 4. Nc3 dxc4 5. a4 Bf5 6. e3 e6 7. Bxc4 Nbd7 8. O-O
Bb4 9. Nh4 O-O 10. Nxf5 exf5 11. Qc2 Nb6 12. Ba2 Qd7 13. Bd2 a5 14. Rad1 Rfe8
15. f3 Nbd5 16. Rfe1 Bf8 17. Bb1 g6 18. Bc1 Bh6 19. Qf2 Kg7 20. e4 Bxc1 21.
Rxc1 Nf4 22. Rcd1 fxe4 23. fxe4 Qg4 24. Kh1 N6h5 25. Re3 Rad8 26. Rf3 Re7 27.
h3 Qg5 28. g4 Nxh3 29. Rxh3 Qxg4 30. Rf3 c5 31. Rg1 1-0

[Event "XXXIV Memorial Edoardo Crespi Magistrale"]
[Site "Milano ITA"]
[Date "2013.12.01"]
[Round "2"]
[White "Pelizzola, Danilo"]
[Black "Rettore, Ludwig"]
[WhiteElo "2117"]
[BlackElo "2139"]
[Result "1/2-1/2"]
[PlyCount "74"]
[EventDate "2013.11.30"]

1. e4 e5 2. Nf3 Nc6 3. Bb5 Nf6 4. d3 Bc5 5. O-O d6 6. c3 O-O 7. Nbd2 a6 8. Ba4
Ba7 9. Qe2 Nh5 10. Bxc6 Nf4 11. Qd1 bxc6 12. Nc4 f5 13. Bxf4 exf4 14. Nd4 Bxd4
15. cxd4 fxe4 16. dxe4 f3 17. Re1 Qh4 18. Qd3 a5 19. Nd2 fxg2 20. Qg3 Qh6 21.
Re3 Rb8 22. b3 a4 23. Rae1 axb3 24. axb3 Ra8 25. e5 dxe5 26. Qxe5 Ra2 27. Nf3
Qd6 28. Kxg2 Bg4 29. Qxd6 cxd6 30. Kg3 Bh5 31. Rc1 Be8 32. Re7 Rb2 33. Rc3 Bh5
34. Rd3 Be8 35. Ree3 h6 36. Re6 Bh5 37. Rxd6 Bxf3 1/2-1/2

[Event "XXXIV Memorial Edoardo Crespi Magistrale"]
[Site "Milano ITA"]
[Date "2013.12.01"]
[Round "2"]
[White "Ricci, Marco"]
[Black "Formento, Paolo"]
[WhiteElo "2068"]
[BlackElo "2175"]
[Result "0-1"]
[PlyCount "60"]
[EventDate "2013.11.30"]

1. e4 e6 2. d4 d5 3. Nd2 Be7 4. e5 c5 5. c3 Nc6 6. Ne2 cxd4 7. cxd4 f6 8. f4
fxe5 9. fxe5 Nh6 10. Nf3 Nf5 11. g3 O-O 12. Bg2 Bb4+ 13. Kf2 Qb6 14. a3 Ncxd4
15. Nexd4 Bc5 16. Be3 Qxb2+ 17. Qe2 Bxd4 18. Bxd4 Qxd4+ 19. Nxd4 Nxd4+ 20. Ke3
Nxe2 21. Kxe2 Rf5 22. Kd3 Rxe5 23. Rac1 b6 24. Rc7 Ba6+ 25. Kd4 Rg5 26. Re1 Rc8
27. Rxa7 Rc4+ 28. Ke3 Re5+ 29. Kd2 Rd4+ 30. Kc3 Rd3+ 0-1

[Event "XXXIV Memorial Edoardo Crespi Magistrale"]
[Site "Milano ITA"]
[Date "2013.12.01"]
[Round "2"]
[White "Rusev, Krasimir"]
[Black "Pavlidis, Anastasios"]
[WhiteElo "2539"]
[BlackElo "2342"]
[Result "1-0"]
[PlyCount "85"]
[EventDate "2013.11.30"]

1. Nf3 Nf6 2. c4 e6 3. g3 d5 4. Bg2 Be7 5. O-O O-O 6. d4 c6 7. Qc2 Nbd7 8. Rd1
Ne4 9. Nc3 Nxc3 10. Qxc3 Re8 11. Ne5 Nxe5 12. dxe5 b6 13. e4 Bb7 14. exd5 cxd5
15. cxd5 Bxd5 16. Bxd5 exd5 17. Be3 Rc8 18. Qd3 Bc5 19. Bxc5 Rxc5 20. b4 Rc4
21. Qxd5 Qxd5 22. Rxd5 Rxb4 23. Rc1 Rb2 24. Rc7 Rxa2 25. e6 fxe6 26. Rdd7 e5
27. Rxg7+ Kh8 28. Rxh7+ Kg8 29. h4 e4 30. Rcg7+ Kf8 31. Rxa7 Rxa7 32. Rxa7 e3
33. fxe3 Rxe3 34. Kg2 Rb3 35. h5 b5 36. Rb7 b4 37. Kh3 Rb1 38. Kg4 b3 39. Kg5
b2 40. g4 Ke8 41. h6 Kf8 42. h7 Rh1 43. Kg6 1-0